000 01101nac a22002897a 4500
001 BR8201292
003 BR-BrBNA
005 20240105115249.0
008 230509b bl.|||m| |||| 00| 0 por d
040 _aBR-BrBNA
_bpor
_cBiblioteca Nacional de Agricultura
072 _aF00
090 _a1540 BR8201292
100 1 _aKato, M. do S.A.
100 1 _aKato, O.R.
110 1 _aUnidade de Execucao de Pesquisa de Ambito Estadual de Altamira, PA (Brasil)
_910343
245 1 _aSistema de plantio para mandioca na regiao da Transamazonica [Manihot esculenta; Pratica cultural; Brasil]
246 1 _a[Cassava cropping system in the Transamazonic highway area [Manihot esculenta; Cultural practice; Brazil]]
260 3 _aAltamira, PA (Brasil):
_c1981.
300 _a2 p.
490 _aPesquisa em Andamento - Unidade de Execucao de Pesquisa de Ambito Estadual de Altamira (Brazil)
_vno. 11
_xISSN 0101-2665
650 _aPRODUCAO VEGETAL
650 _aMandioca
650 _aPlantio
650 _aTransamazonica
909 _a202312
_bLúcia Elande
_c55
_dLúcia Elande
942 _2AGRIS
_n0
_cMS
999 _c273957
_d273957